Oda a una estrella /
Guardado en:
| Autor Principal: | |
|---|---|
| Otros Autores: | |
| Formato: | Libro |
| Idioma: | Undetermined |
| Publicado: |
Buenos Aires :
De la magnolia,
2013.
|
| Series: | Libros del Zorro Rojo
|
| Materias: | |
| Etiquetas: |
Agregar Etiqueta
Sin Etiquetas, Sea el primero en etiquetar este registro!
|
| LEADER | 00724nam a22002175a 4500 | ||
|---|---|---|---|
| 001 | CEM.cems019492 | ||
| 008 | 220905s2013####ag############000#0#und#d | ||
| 005 | 20240223143723.0 | ||
| 245 | 1 | 0 | |a Oda a una estrella / |c Pablo Neruda; ilustrado por Elena Odriozola. |
| 260 | |a Buenos Aires : |b De la magnolia, |c 2013. | ||
| 300 | |a 24 p. | ||
| 490 | 1 | |a Libros del Zorro Rojo | |
| 100 | 1 | |a Neruda, Pablo. | |
| 700 | 1 | |a Odriozola, Elena; il. | |
| 653 | |a Literatura | ||
| 653 | |a Literatura Chilena | ||
| 653 | |a Poesía Chilena | ||
| 653 | |a Poesía | ||
| 653 | |a Literatura Infantil | ||
| 859 | |a CEMS |b BIB. CEMS - Inicial y Primaria |h Ch861.4 |i N358 |k IP |p 5565 |t Ej.1 | ||
| 859 | |a CEMS |b BIB. CEMS - Inicial y Primaria |h Ch861.4 |i N358 |k IP |p 4222 |t Ej.2 | ||
